Literary theory / (Record no. 57401)

MARC details
000 -LEADER
fixed length control field 00517nam a22001697a 4500
008 - FIXED-LENGTH DATA ELEMENTS--GENERAL INFORMATION
fixed length control field 220119b ||||| |||| 00| 0 eng d
020 ## - INTERNATIONAL STANDARD BOOK NUMBER
International Standard Book Number 0800626931
050 ## - LIBRARY OF CONGRESS CALL NUMBER
Classification number PN49
Item number .D35 1995
100 ## - MAIN ENTRY--PERSONAL NAME
Personal name Dawson, David,
245 ## - TITLE STATEMENT
Title Literary theory /
Statement of responsibility, etc David Dawson.
260 ## - PUBLICATION, DISTRIBUTION, ETC. (IMPRINT)
Place of publication, distribution, etc Minneapolis :
Name of publisher, distributor, etc Fortress Press,
Date of publication, distribution, etc 1995.
300 ## - PHYSICAL DESCRIPTION
Extent x, 150 p. ;
Dimensions 22 cm.
500 ## - GENERAL NOTE
General note Includes bibliographical references (p. 127-136) and index.
650 ## - SUBJECT ADDED ENTRY--TOPICAL TERM
Topical term or geographic name as entry element Criticism.
650 ## - SUBJECT ADDED ENTRY--TOPICAL TERM
Topical term or geographic name as entry element Religion and literature.
942 ## - ADDED ENTRY ELEMENTS (KOHA)
Source of classification or shelving scheme Library of Congress Classification
Item type Book
Holdings
Withdrawn status Lost status Source of classification or shelving scheme Damaged status Not for loan Collection code Home library Current library Shelving location Date acquired Source of acquisition Cost, normal purchase price Total Checkouts Full call number Barcode Date last borrowed Copy number Price effective from Koha item type
    Library of Congress Classification     Non-fiction Bishop Okullu Memorial Library (Limuru Campus) Bishop Okullu Memorial Library (Limuru Campus) General Circulation 19/01/2022 Donation-TBN 1120.00 1 PN49 .D35 1995 067696 20/03/2023 1 19/01/2022 Book